Historia y geografía: Narraciones y lecturas

Saved in:
Bibliographic Details
Main Author: Pérez Bustamante, C. Autor
Format: Unknown
Language:Spanish
Published: Madrid Ediciones Españolas 1939
Textbook Catalogue:MANES:  Library Catalog Search Result
Textbook Classification:
Tags: Add Tag
No Tags, Be the first to tag this record!
Added to:2016-04-26

MARC

LEADER 000000000a22000000004500
001 18881
003 OSt
008 160427s sp ||||| |||| 00| 0 spa d
041 1 |a spa 
040 |c centro_manes 
691 7 |a PRI 
691 0 |a SE 
100 1 |a Pérez Bustamante, C.  |b Autor  |9 12194 
245 0 0 |a Historia y geografía: Narraciones y lecturas 
260 3 |a Madrid  |b Ediciones Españolas  |c 1939 
300 |a 352p  |c 12,5 * 19 cm 
500 |a ILUSTRACIONES: No contiene. ENCUADERNACIÓN: Cartoné. DESCRIPCIÓN CONTENIDO: Narraciones. PALABRAS CLAVE: Historia y geografía. NéMERO EJEMPLARES: 1. Nº TOPOGRÁFICO: 3386. CONSERVACIÓN: Buena. 
690 0 |a HI 
942 |2 ddc  |c BK 
546 |a España 
999 |c 24849  |d 24849 
999 |c manes:24849  |d 24849